Women on the margins : three seventeenth-century lives
Αποθηκεύτηκε σε:
| Κύριος συγγραφέας: | |
|---|---|
| Μορφή: | Βιβλίο |
| Γλώσσα: | English |
| Δημοσίευση: |
Cambridge :
Harvard University Press,
1995
|
| Θέματα: | |
| Ετικέτες: |
Προσθήκη ετικέτας
Δεν υπάρχουν, Καταχωρήστε ετικέτα πρώτοι!
|
MARC
| LEADER | 00000nam a2200000 i 4500 | ||
|---|---|---|---|
| 001 | 1/12364 | ||
| 008 | 980123s1995 eng d | ||
| 020 | |a 0-674-95520-X | ||
| 035 | |1 ΠΑΡ |a 1997 |l 10018599 | ||
| 040 | |a GR-MY-UA |b gre |e aacr | ||
| 041 | 0 | |a eng | |
| 082 | 0 | |a 920.7209032 | |
| 100 | 1 | |a Davis, Natalie Zemon |d 1928- | |
| 245 | 1 | 0 | |a Women on the margins : |b three seventeenth-century lives / |c Natalie Zemon Davis |
| 260 | |a Cambridge : |b Harvard University Press, |c 1995 | ||
| 300 | |a 360 p. |b ill. | ||
| 504 | |a Includes bibliographical references and index | ||
| 600 | 1 | 0 | |a Marie de l'Incarnation |c mere |d 1599-1672. |
| 600 | 1 | 0 | |a Merian Maria Sibylla |d 1647-1717. |
| 650 | 0 | 0 | |a Women |x Biography. |
| 650 | 0 | 0 | |a Biography |y 17th century. |
| 650 | 0 | 0 | |a Jewish women |z Germany |x Biography. |
| 650 | 0 | 0 | |a Women merchants |z Germany |x Biography. |
| 650 | 0 | 0 | |a Women missionaries |z Quebec (Province) |x Biography. |
| 650 | 0 | 0 | |a Protestant women |z Surinam |x Biography. |
| 852 | |a INST |b LESVOS |e 19980123 |h 920.7209032 DAV |p 005100015272 |q 005100015272 |t BK |y 12 | ||
| 852 | |a INST |b LESVOS |e 20060811 |h 920.7209032 DAV |p 005100037504 |q 005100037504 |t BK |y 0 | ||
| 909 | |a Λ |b 052203 | ||
| 909 | |a Λ |b 129223 | ||
| 950 | |a 089-1996-07-16 | ||